Visualizzazione normale
Vista MARC
- Ricci, Maria Lucia
di Personal Name
Records bibliografici associati: 1
001 - CONTROL NUMBER
- control field: 24409
003 - CONTROL NUMBER IDENTIFIER
- control field: IT-RoPau
005 - DATE AND TIME OF LATEST TRANSACTION
- control field: 20140510110832.0
008 - FIXED-LENGTH DATA ELEMENTS
- fixed length control field: 140510|| aca||aabn | a|a d
040 ## - CATALOGING SOURCE
- Original cataloging agency: IT-RoPau
- Transcribing agency: IT-RoPau
100 ## - HEADING--PERSONAL NAME
- Personal name: Ricci, Maria Lucia
670 ## - SOURCE DATA FOUND
- Source citation: Work cat.: (IT-RoPau)24994: Ricci, Maria Lucia , Nella casa del padre,, 1986